[Event "4NCL/Div3/PPA2 vs. MIN"]
[Site "Birmingham ENG"]
[Date "2005.11.19"]
[Round "3.2"]
[White "McFarland, Robert S"]
[Black "Kemp, Paul"]
[Result "1-0"]
[WhiteElo "2257"]
[BlackElo "2125"]
[PlyCount "65"]
[EventDate "2005.11.19"]
[EventType "team"]
[EventRounds "11"]
[EventCountry "ENG"]
[SourceDate "2005.10.25"]

1. Nf3 d5 2. c4 c6 3. b3 Nf6 4. Bb2 Bf5 5. d3 e6 6. Nbd2 Nbd7 7. g3 h6 8. Bg2
Qc7 9. a3 Be7 10. O-O O-O 11. Qc2 Rad8 12. b4 Rfe8 13. Rac1 Bf8 14. Rfe1 dxc4
15. Nxc4 e5 16. e4 Bg4 17. d4 exd4 18. Nxd4 c5 19. bxc5 Bxc5 20. Nb5 Qb8 21. e5
Nh7 22. Nbd6 Re7 23. Nxb7 Rc8 24. Nxc5 Rxc5 25. Bd4 Rc7 26. Qe4 Bh5 27. Qh4 Ng5
28. Qxh5 Qc8 29. Bd5 Nc5 30. Nd6 Nh3+ 31. Kf1 Qa6+ 32. Bc4 Qc6 33. Qxh3 1-0

[Event "4NCL/Div3/PPA2 vs. MIN"]
[Site "Birmingham ENG"]
[Date "2005.11.19"]
[Round "3.3"]
[White "McCorry, Rob"]
[Black "Richards, Heather"]
[Result "0-1"]
[WhiteElo "2080"]
[BlackElo "2239"]
[PlyCount "68"]
[EventDate "2005.11.19"]
[EventType "team"]
[EventRounds "11"]
[EventCountry "ENG"]
[SourceDate "2005.10.25"]

1. d4 e6 2. Nf3 b6 3. g3 Bb7 4. Bg2 Nf6 5. O-O c5 6. c4 Be7 7. Nc3 cxd4 8. Qxd4
Nc6 9. Qd3 Rc8 10. b3 Nb4 11. Qd2 d5 12. a3 Na6 13. cxd5 Nxd5 14. Nxd5 Qxd5 15.
Bb2 O-O 16. Qxd5 Bxd5 17. Nd4 Bxg2 18. Kxg2 Nc5 19. b4 Na4 20. Rab1 Bf6 21. Ba1
e5 22. Nb5 a6 23. Nd6 Rc2 24. e3 g6 25. Rfc1 Ra2 26. Rb3 Rd8 27. Ne4 Bg7 28.
Nc3 Nxc3 29. Rbxc3 Rdd2 30. Rc8+ Bf8 31. Bxe5 Rxf2+ 32. Kh3 Rxh2+ 33. Kg4 Raf2
34. Bf4 f6 0-1

[Event "4NCL/Div3/PPA2 vs. MIN"]
[Site "Birmingham ENG"]
[Date "2005.11.19"]
[Round "3.4"]
[White "Howell, Christopher"]
[Black "Winfridsson, Ola"]
[Result "1/2-1/2"]
[WhiteElo "2147"]
[BlackElo "2099"]
[PlyCount "56"]
[EventDate "2005.11.19"]
[EventType "team"]
[EventRounds "11"]
[EventCountry "ENG"]
[SourceDate "2005.10.25"]

1. e4 c6 2. d4 d5 3. exd5 cxd5 4. c4 Nf6 5. Nc3 Nc6 6. Nf3 Be6 7. c5 g6 8. Bb5
Bg7 9. Ne5 Bd7 10. Nxd7 Qxd7 11. O-O O-O 12. Re1 Qc7 13. Bg5 Rad8 14. Bh4 Qf4
15. Bg3 Qxd4 16. Bxc6 Qxd1 17. Raxd1 bxc6 18. Rxe7 Rd7 19. Rde1 Rxe7 20. Rxe7
Re8 21. Bd6 Rxe7 22. Bxe7 Ng4 23. Nxd5 Bxb2 24. Nb4 Ne5 25. f4 Bc3 26. fxe5
Bxb4 27. Kf2 Bc3 28. Bd6 f5 1/2-1/2

[Event "4NCL/Div3/PPA2 vs. MIN"]
[Site "Birmingham ENG"]
[Date "2005.11.19"]
[Round "3.5"]
[White "Retallick, Lloyd"]
[Black "Hardman, Michael J"]
[Result "1/2-1/2"]
[WhiteElo "2080"]
[BlackElo "2138"]
[PlyCount "64"]
[EventDate "2005.11.19"]
[EventType "team"]
[EventRounds "11"]
[EventCountry "ENG"]
[SourceDate "2005.10.25"]

1. d4 d5 2. c4 Nc6 3. cxd5 Qxd5 4. Nf3 e5 5. Nc3 Bb4 6. Bd2 Bxc3 7. Bxc3 e4 8.
Ne5 Nxe5 9. dxe5 Qxd1+ 10. Rxd1 Be6 11. g3 c6 12. Bg2 Bxa2 13. Bxe4 Be6 14. Bc2
Ne7 15. e4 O-O 16. f4 Rad8 17. Kf2 Nc8 18. f5 Bc4 19. Bb4 Rfe8 20. Ke3 b6 21.
Ba4 Bb5 22. Bxb5 cxb5 23. Bd6 f6 24. Bc7 Rxd1 25. Rxd1 fxe5 26. Rd5 Kf7 27.
Rxb5 Kf6 28. Rd5 g6 29. g4 Ne7 30. Bxe5+ Kg5 31. Rd7 gxf5 32. Bf4+ Kxg4 1/2-1/2

[Event "4NCL/Div3/PPA2 vs. MIN"]
[Site "Birmingham ENG"]
[Date "2005.11.19"]
[Round "3.6"]
[White "Almond, Richard"]
[Black "Jeffries, Majid"]
[Result "0-1"]
[WhiteElo "2096"]
[BlackElo "2026"]
[PlyCount "84"]
[EventDate "2005.11.19"]
[EventType "team"]
[EventRounds "11"]
[EventCountry "ENG"]
[SourceDate "2005.10.25"]

1. d4 Nf6 2. c4 e6 3. Nc3 d5 4. cxd5 exd5 5. Bg5 Be7 6. Qc2 c6 7. e3 Nbd7 8.
Bd3 h6 9. Bh4 O-O 10. Nge2 Re8 11. O-O Ne4 12. Bg3 Nxg3 13. Nxg3 Nf6 14. a3 Bf8
15. b4 a6 16. Na4 Qe7 17. Nc5 g6 18. Rfb1 h5 19. a4 h4 20. Nf1 b6 21. Nb3 Bd7
22. Qe2 Ne4 23. Rb2 Nc3 24. Qc2 Ne4 25. Nbd2 Nxd2 26. Qxd2 h3 27. g3 Bg7 28.
Rc1 Rec8 29. Rbc2 Bf8 30. Rb2 Qf6 31. Qe2 a5 32. Nd2 axb4 33. Ra2 Ra7 34. Nb3
Rca8 35. Rca1 c5 36. Bb5 c4 37. Nc1 Bxb5 38. axb5 Rxa2 39. Rxa2 Rxa2 40. Nxa2
Qf5 41. f3 Qb1+ 42. Kf2 Qh1 0-1

[Event "4NCL/Div3/PPA2 vs. MIN"]
[Site "Birmingham ENG"]
[Date "2005.11.19"]
[Round "3.7"]
[White "Vann, Monica S"]
[Black "Hawkins, Nick"]
[Result "0-1"]
[WhiteElo "1810"]
[BlackElo "2036"]
[PlyCount "64"]
[EventDate "2005.11.19"]
[EventType "team"]
[EventRounds "11"]
[EventCountry "ENG"]
[SourceDate "2005.10.25"]

1. e4 e5 2. f4 exf4 3. Nf3 d5 4. exd5 Be7 5. d4 Bh4+ 6. Kd2 Be7 7. c4 Bf5 8.
Bd3 Nh6 9. Kc2 g5 10. Nc3 Na6 11. a3 c5 12. dxc6 bxc6 13. Qe2 Bxd3+ 14. Qxd3 f6
15. Qe4 Qd7 16. Re1 Qf5 17. Bd2 O-O-O 18. Rad1 Rhe8 19. Kc1 Qxe4 20. Rxe4 Nf5
21. Be1 Ne3 22. Rd3 Nxc4 23. Re6 Nc5 24. Rxc6+ Kb7 25. Rxc5 Bxc5 26. Na4 Bxd4
27. Nxd4 Rxe1+ 28. Kc2 Ka8 29. Nc5 Ne3+ 30. Kb3 Nxg2 31. Na6 Re3 32. Kc2 Ne1+
0-1

[Event "4NCL/Div3/PPA2 vs. MIN"]
[Site "Birmingham ENG"]
[Date "2005.11.19"]
[Round "3.8"]
[White "Parker, Robert"]
[Black "Mihajlova, Diana"]
[Result "1-0"]
[WhiteElo "2087"]
[BlackElo "1595"]
[PlyCount "67"]
[EventDate "2005.11.19"]
[EventType "team"]
[EventRounds "11"]
[EventCountry "ENG"]
[SourceDate "2005.10.25"]

1. d4 d5 2. c4 Nf6 3. cxd5 g6 4. Nc3 Nxd5 5. e4 Nxc3 6. bxc3 e5 7. d5 c6 8. Nf3
Bg7 9. Bc4 b5 10. Bb3 Qa5 11. Bd2 c5 12. c4 b4 13. a3 Qb6 14. axb4 Na6 15. Ba4+
Bd7 16. Bxd7+ Kxd7 17. Qa4+ Ke7 18. Qxa6 Rhb8 19. Qxb6 Rxb6 20. bxc5 Rb2 21.
O-O Kf8 22. Bc3 Rc2 23. Rfc1 Rxc1+ 24. Rxc1 f6 25. c6 Ke8 26. d6 a5 27. Nd2 Bf8
28. c5 a4 29. Nc4 Bh6 30. Rb1 a3 31. c7 Kf7 32. Rb8 Ra4 33. c8=Q g5 34. Qg8#
1-0

[Event "4NCL/Div3/KHE vs. WES2"]
[Site "Birmingham ENG"]
[Date "2005.11.19"]
[Round "3.1"]
[White "McMichael, Richard"]
[Black "Hopkins, Jamie R"]
[Result "1-0"]
[WhiteElo "2272"]
[BlackElo "2137"]
[PlyCount "87"]
[EventDate "2005.11.19"]
[EventType "team"]
[EventRounds "11"]
[EventCountry "ENG"]
[SourceDate "2005.10.25"]

1. d4 d6 2. c4 e5 3. Nf3 e4 4. Ng5 f5 5. Nc3 c6 6. d5 Be7 7. Nh3 Nf6 8. g3 O-O
9. Bg2 Na6 10. O-O Nc7 11. f3 cxd5 12. cxd5 exf3 13. Bxf3 Nd7 14. Nf4 Ne5 15.
Bg2 g6 16. Be3 Ng4 17. Bd4 Bf6 18. h3 Ne5 19. Rc1 Qe7 20. b3 Qg7 21. Kh1 Ng4
22. Bxf6 Nxf6 23. Qd4 g5 24. Ne6 Nxe6 25. dxe6 Bxe6 26. Qxd6 Qf7 27. Nb5 Rfd8
28. Qe5 Bd5 29. Nd6 Bxg2+ 30. Kxg2 Qd5+ 31. Qxd5+ Nxd5 32. Nxf5 Re8 33. Rf2
Ne3+ 34. Nxe3 Rxe3 35. Rc7 Rae8 36. Rxb7 R3e7 37. Rxe7 Rxe7 38. Kf3 Kf7 39. e4
h5 40. Ke3+ Ke6 41. Rf5 Rg7 42. Ra5 h4 43. g4 Kf6 44. e5+ 1-0

[Event "4NCL/Div3/KHE vs. WES2"]
[Site "Birmingham ENG"]
[Date "2005.11.19"]
[Round "3.2"]
[White "Gregory, Keith D"]
[Black "Khantuev, Alexander"]
[Result "0-1"]
[WhiteElo "2099"]
[BlackElo "2302"]
[PlyCount "73"]
[EventDate "2005.11.19"]
[EventType "team"]
[EventRounds "11"]
[EventCountry "ENG"]
[SourceDate "2005.10.25"]

1. Nf3 c5 2. c4 Nf6 3. g3 b6 4. Bg2 Bb7 5. O-O e6 6. b3 Be7 7. Bb2 O-O 8. Nc3
d6 9. d3 Nc6 10. Ne1 Qc7 11. Nc2 Rad8 12. Rc1 h5 13. e4 a6 14. Ne3 Ne5 15. Qe2
Rfe8 16. h3 Nc6 17. f4 Nd4 18. Qf2 Nd7 19. Ne2 Bf6 20. Nxd4 cxd4 21. Nc2 Nc5
22. Rcd1 e5 23. Bc1 b5 24. cxb5 axb5 25. Nb4 Na6 26. Nd5 Bxd5 27. exd5 Nc5 28.
fxe5 Rxe5 29. Bf4 Re7 30. Qd2 Rde8 31. Bf3 Re3 32. Rc1 Qd8 33. Bxe3 Rxe3 34. b4
Nxd3 35. Rcd1 Ne5 36. Kg2 Nc4 37. Qf2 {time} 0-1

[Event "4NCL/Div3/KHE vs. WES2"]
[Site "Birmingham ENG"]
[Date "2005.11.19"]
[Round "3.3"]
[White "Whiteley, Andrew"]
[Black "Rutter, Nicholas"]
[Result "1-0"]
[WhiteElo "2228"]
[BlackElo "2133"]
[PlyCount "85"]
[EventDate "2005.11.19"]
[EventType "team"]
[EventRounds "11"]
[EventCountry "ENG"]
[SourceDate "2005.10.25"]

1. d4 d5 2. c4 e6 3. Nc3 c6 4. Nf3 Nf6 5. Bg5 dxc4 6. e4 b5 7. e5 h6 8. Bh4 g5
9. exf6 gxh4 10. Ne5 Qxf6 11. g3 Nd7 12. f4 Nxe5 13. fxe5 Qd8 14. Bg2 Qb6 15.
Qh5 Bb7 16. O-O-O b4 17. Ne4 O-O-O 18. Qxf7 c3 19. Qxe6+ Kb8 20. Rhf1 c5 21.
Qxb6 cxb2+ 22. Kxb2 axb6 23. Rf7 cxd4 24. e6 Bxe4 25. Bxe4 Bc5 26. Rc1 Rd6 27.
e7 Re6 28. Rxc5 bxc5 29. Rf8+ Kc7 30. Rxh8 Rxe7 31. Rh7 Rxh7 32. Bxh7 hxg3 33.
hxg3 c4 34. Bg8 c3+ 35. Kc2 Kd6 36. Kd3 Ke5 37. Bh7 Kd5 38. Bg6 Kc5 39. Bf7 Kb5
40. Bb3 Kc5 41. Ke4 c2 42. Bxc2 Kc4 43. g4 1-0

[Event "4NCL/Div3/KHE vs. WES2"]
[Site "Birmingham ENG"]
[Date "2005.11.19"]
[Round "3.4"]
[White "Tunks, Dominic"]
[Black "Thomas, Richard H"]
[Result "1-0"]
[WhiteElo "2155"]
[BlackElo "2219"]
[PlyCount "97"]
[EventDate "2005.11.19"]
[EventType "team"]
[EventRounds "11"]
[EventCountry "ENG"]
[SourceDate "2005.10.25"]

1. e4 g6 2. Bc4 Bg7 3. Qf3 e6 4. c3 c5 5. h4 Nc6 6. h5 Ne5 7. Qe2 Nxc4 8. Qxc4
b6 9. Qe2 Bb7 10. Nf3 d5 11. d3 Nf6 12. e5 Nd7 13. Bg5 Qc7 14. h6 Bf8 15. Nbd2
Be7 16. Bxe7 Kxe7 17. O-O Raf8 18. Rfe1 Kd8 19. d4 Kc8 20. b4 c4 {=} 21. b5 Qd8
22. a4 Rhg8 23. Nh2 Kb8 24. Ra2 f5 25. exf6 Qxf6 26. Ng4 Qf5 27. Qxe6 Re8 28.
Qd6+ Kc8 29. Ne5 Nxe5 30. Rxe5 Rxe5 31. Qxe5 Rf8 32. Qxf5+ Rxf5 33. Nf3 Rh5 34.
Re2 Rxh6 35. Re7 a6 36. g4 g5 37. Nxg5 Rg6 38. f4 h6 39. Re6 Rxe6 40. Nxe6 axb5
41. axb5 Kd7 42. Nf8+ Kd6 43. Kf2 Bc8 44. Kg3 Ke7 45. Ng6+ Kf6 46. f5 Bd7 47.
Nf4 Bxb5 48. Nxd5+ Kg5 49. Nxb6 1-0

[Event "4NCL/Div3/KHE vs. WES2"]
[Site "Birmingham ENG"]
[Date "2005.11.19"]
[Round "3.5"]
[White "Wittmann, Jochen"]
[Black "Clark, Ian C"]
[Result "1-0"]
[WhiteElo "2225"]
[BlackElo "2133"]
[PlyCount "51"]
[EventDate "2005.11.19"]
[EventType "team"]
[EventRounds "11"]
[EventCountry "ENG"]
[SourceDate "2005.10.25"]

1. e4 c5 2. Nc3 Nc6 3. g3 g6 4. Bg2 Bg7 5. d3 d6 6. Be3 Rb8 7. Qd2 b5 8. f4 b4
9. Nd1 Qc7 10. Nf3 Nf6 11. h3 h5 12. O-O O-O 13. f5 gxf5 14. Bh6 Bxh6 15. Qxh6
Nd4 16. Ng5 d5 17. Ne3 Be6 18. exd5 Qxg3 19. Rae1 Bd7 20. d6 Qxd6 21. Nd5 Rfe8
22. Rxe7 Rb6 23. Rfe1 Rxe7 24. Nxe7+ Qxe7 25. Rxe7 f4 26. Rxd7 1-0

[Event "4NCL/Div3/KHE vs. WES2"]
[Site "Birmingham ENG"]
[Date "2005.11.19"]
[Round "3.6"]
[White "Ferrington, Nigel M"]
[Black "Guthrie, David"]
[Result "1/2-1/2"]
[WhiteElo "2115"]
[BlackElo "2184"]
[PlyCount "126"]
[EventDate "2005.11.19"]
[EventType "team"]
[EventRounds "11"]
[EventCountry "ENG"]
[SourceDate "2005.10.25"]

1. e4 e5 2. Nf3 Nc6 3. d4 exd4 4. c3 d5 5. exd5 Qxd5 6. cxd4 Bg4 7. Be2 Bb4+ 8.
Nc3 Bxf3 9. Bxf3 Qc4 10. Bxc6+ bxc6 11. Qe2+ Qxe2+ 12. Kxe2 O-O-O 13. Be3 Ne7
14. Rhd1 Rhe8 15. g3 Nf5 16. Kf3 Ba5 17. Na4 Bb6 18. Nc5 Rd5 19. b4 Red8 20.
Ke4 Bxc5 21. bxc5 Re8+ 22. Kd3 Rdd8 23. Rab1 Ne7 24. Rb3 Kd7 25. Rdb1 Nd5 26.
Ra3 a6 27. Rxa6 Ra8 28. Rxa8 Rxa8 29. Rb2 Ra3+ 30. Kd2 Ke6 31. Ke2 Nc3+ 32. Kd2
Nb5 33. Ke1 Kd5 34. Re2 Nc3 35. Rc2 Nb5 36. Bc1 Ra4 37. Be3 f5 38. Kf1 h6 39.
h4 Ra3 40. Re2 Nc3 41. Rb2 Rxa2 42. Rb8 Ne4 43. Re8 g6 44. Re5+ Kc4 45. Re6 g5
46. hxg5 hxg5 47. Re5 Kd3 48. Rxf5 Nxg3+ 49. fxg3 Kxe3 50. Rxg5 Kxd4 51. Rf5
Rc2 52. g4 Ke4 53. Ke1 Rg2 54. Rg5 Kf4 55. Rg7 Rxg4 56. Rxc7 Ke3 57. Kd1 Kd3
58. Ke1 Re4+ 59. Kd1 Ra4 60. Rd7+ Rd4 61. Rxd4+ Kxd4 62. Kd2 Kxc5 63. Kc3 Kd5
1/2-1/2

[Event "4NCL/Div3/KHE vs. WES2"]
[Site "Birmingham ENG"]
[Date "2005.11.19"]
[Round "3.7"]
[White "Okike, David C"]
[Black "Marsh, Roger"]
[Result "1-0"]
[WhiteElo "2158"]
[BlackElo "2072"]
[PlyCount "63"]
[EventDate "2005.11.19"]
[EventType "team"]
[EventRounds "11"]
[EventCountry "ENG"]
[SourceDate "2005.10.25"]

1. e4 c6 2. d4 d5 3. Nc3 dxe4 4. Nxe4 Nd7 5. Ng5 Ngf6 6. Bc4 e6 7. Qe2 Nb6 8.
Bd3 Be7 9. N1f3 h6 10. Ne4 Nbd5 11. c3 O-O 12. Bd2 Nxe4 13. Bxe4 Nf6 14. Bc2 c5
15. dxc5 Bxc5 16. Ne5 b6 17. O-O-O Qc7 18. f4 Bb7 19. Rhf1 a5 20. Rfe1 Rfe8 21.
g4 a4 22. g5 hxg5 23. fxg5 Nd5 24. g6 fxg6 25. Bxg6 Re7 26. Kb1 a3 27. c4 Nf6
28. b4 Bd6 29. Bc3 Ra4 30. Qd2 Ne4 31. Bxe4 Bxe5 32. Bxe5 1-0

[Event "4NCL/Div3/KHE vs. WES2"]
[Site "Birmingham ENG"]
[Date "2005.11.19"]
[Round "3.8"]
[White "Riddell, Nathan S"]
[Black "Hale, Katie L W"]
[Result "0-1"]
[WhiteElo "1745"]
[BlackElo "1805"]
[PlyCount "96"]
[EventDate "2005.11.19"]
[EventType "team"]
[EventRounds "11"]
[EventCountry "ENG"]
[SourceDate "2005.10.25"]

1. d4 e6 2. Nc3 f5 3. Nf3 Nf6 4. Bg5 Be7 5. Bxf6 Bxf6 6. e3 O-O 7. h4 d6 8. Qd2
Nc6 9. a3 a6 10. O-O-O Bd7 11. Be2 Qe7 12. Kb1 b5 13. Na2 Be8 14. c3 Na5 15.
Qc2 c5 16. Bd3 Bc6 17. Rh2 c4 18. Bxf5 exf5 19. d5 Bd7 20. Rdh1 Rae8 21. Ng5
Bxg5 22. hxg5 Qxg5 23. f4 Qg6 24. Qe2 h6 25. Nc1 {=} Qf7 26. Qf3 {=} Bc8 27.
Rd1 {=} Nb7 28. Qg3 Kh7 29. Qg5 Rxe3 30. Rdh1 Qf6 31. Qxf6 Rxf6 32. Rh3 Re4 33.
Rf3 Rg6 34. g3 Nc5 35. Ka2 {=} Bb7 36. Rd1 Nd7 37. Rd2 Nf6 38. Ne2 Nxd5 39. Nd4
Ne7 40. Nc2 Ree6 41. Rff2 Rxg3 42. Nd4 Re1 43. Rfe2 Rxe2 44. Rxe2 Be4 45. Nxf5
Bxf5 46. Rxe7 Rg1 47. Ra7 Bb1+ 48. Ka1 Bc2+ 0-1

[Event "4NCL/Div3/SLOS3 vs. KHE"]
[Site "Birmingham ENG"]
[Date "2005.11.20"]
[Round "4.1"]
[White "Rudolf, Anna"]
[Black "McMichael, Richard"]
[Result "0-1"]
[WhiteElo "2219"]
[BlackElo "2272"]
[PlyCount "110"]
[EventDate "2005.11.20"]
[EventType "team"]
[EventRounds "11"]
[EventCountry "ENG"]
[SourceDate "2005.10.25"]

1. e4 e6 2. d4 d5 3. Nc3 Bb4 4. e5 c5 5. Bd2 Ne7 6. Nb5 O-O 7. Bxb4 cxb4 8. Qd2
Nbc6 9. Nd6 f6 10. f4 fxe5 11. fxe5 Qb6 12. O-O-O Qxd4 13. Nf3 Qxd2+ 14. Kxd2
Nf5 15. Nxf5 Rxf5 16. Bd3 Rf8 17. h4 Bd7 18. Rde1 Rf4 19. Re2 Raf8 20. h5 h6
21. c3 bxc3+ 22. bxc3 Ra4 23. Ke3 Ra3 24. Rb1 Na5 25. Rc2 Rc8 26. Kd2 Ba4 27.
Rcb2 Rcxc3 28. Be2 Rc7 29. Nd4 Bd7 30. Rc1 Rxc1 31. Kxc1 Nc6 32. Nf3 b6 33. Kd2
Kf7 34. Bb5 Ke7 35. Bxc6 Bxc6 36. Nd4 Bd7 37. Rc2 Kd8 38. Nf3 Ba4 39. Rb2 Be8
40. Nd4 Kd7 41. Rc2 Bxh5 42. Rc6 Rxa2+ 43. Ke3 Ra3+ 44. Kf2 Bg4 45. Rd6+ Ke7
46. Nc6+ Kf7 47. Rd7+ Kg6 48. Nxa7 Kf5 49. Rxg7 Kf4 50. Rf7+ Bf5 51. Nc6 Ra2+
52. Kf1 Ke3 53. Kg1 d4 54. Nb4 Ra1+ 55. Kh2 d3 0-1

[Event "4NCL/Div3/SLOS3 vs. KHE"]
[Site "Birmingham ENG"]
[Date "2005.11.20"]
[Round "4.2"]
[White "Khantuev, Alexander"]
[Black "Muter, Donny"]
[Result "0-1"]
[WhiteElo "2302"]
[BlackElo "2085"]
[PlyCount "66"]
[EventDate "2005.11.20"]
[EventType "team"]
[EventRounds "11"]
[EventCountry "ENG"]
[SourceDate "2005.10.25"]

1. e4 c5 2. c3 g6 3. d4 cxd4 4. cxd4 Bg7 5. Nc3 d6 6. Nf3 Nf6 7. h3 O-O 8. Be2
b6 9. O-O Bb7 10. d5 Na6 11. Re1 Nc5 12. Bf1 e6 13. Bg5 h6 14. Bh4 exd5 15.
exd5 g5 16. Bg3 Nh5 17. Bh2 Bxc3 18. bxc3 Qf6 19. Ne5 Ng7 20. Ng4 Qg6 21. f4 f5
22. Ne3 Rae8 23. Bb5 Re4 24. Qf3 a6 25. Bc6 Bc8 26. Kh1 Nd3 27. Reb1 Nxf4 28.
Rxb6 g4 29. Qf2 Ngh5 30. Nf1 Re2 31. Qd4 gxh3 32. g3 Qg4 33. Nd2 Rxh2+ 0-1

[Event "4NCL/Div3/SLOS3 vs. KHE"]
[Site "Birmingham ENG"]
[Date "2005.11.20"]
[Round "4.3"]
[White "Nelson, Omowale"]
[Black "Whiteley, Andrew"]
[Result "0-1"]
[WhiteElo "2089"]
[BlackElo "2228"]
[PlyCount "60"]
[EventDate "2005.11.20"]
[EventType "team"]
[EventRounds "11"]
[EventCountry "ENG"]
[SourceDate "2005.10.25"]

1. d4 d5 2. c4 c6 3. Nc3 Nf6 4. Nf3 e6 5. e3 Nbd7 6. Qc2 Bd6 7. g4 h6 8. Rg1
Qe7 9. Bd2 a6 10. Bd3 e5 11. cxd5 cxd5 12. Be2 e4 13. Nh4 g6 14. h3 b5 15. f4
exf3 16. Bxf3 Bb7 17. Qb3 Rc8 18. Ng2 Nb6 19. Rd1 Nc4 20. Bc1 Kf8 21. Kf2 Na5
22. Qc2 b4 23. Qa4 bxc3 24. Qxa5 cxb2 25. Bd2 Rc2 26. Qa4 b1=Q 27. Rxb1 Rxd2+
28. Ke1 Rd3 29. Ke2 Ra3 30. Qc2 Kg7 0-1

[Event "4NCL/Div3/SLOS3 vs. KHE"]
[Site "Birmingham ENG"]
[Date "2005.11.20"]
[Round "4.4"]
[White "Thomas, Richard H"]
[Black "McCarthy, Kevin"]
[Result "1/2-1/2"]
[WhiteElo "2219"]
[BlackElo "2060"]
[PlyCount "57"]
[EventDate "2005.11.20"]
[EventType "team"]
[EventRounds "11"]
[EventCountry "ENG"]
[SourceDate "2005.10.25"]

1. d4 Nf6 2. c4 e5 3. dxe5 Ng4 4. Bf4 Nc6 5. Nf3 Bb4+ 6. Nbd2 Qe7 7. e3 Ngxe5
8. Be2 Bxd2+ 9. Qxd2 d6 10. O-O Ng6 11. Bg3 O-O 12. Rac1 Be6 13. Nd4 Nxd4 14.
Qxd4 Rfd8 15. Bf3 Rab8 16. Qxa7 Ne5 17. Bxe5 dxe5 18. Qa5 Bf5 19. a3 Bd3 20.
Rfe1 e4 21. Be2 c5 22. Bxd3 b6 23. Qa4 Rxd3 24. Red1 Rbd8 25. Rxd3 Rxd3 26. b4
g6 27. h3 Qe5 28. Qb5 Rxa3 29. bxc5 1/2-1/2

[Event "4NCL/Div3/SLOS3 vs. KHE"]
[Site "Birmingham ENG"]
[Date "2005.11.20"]
[Round "4.5"]
[White "Kafka, Graeme"]
[Black "Wittmann, Jochen"]
[Result "1/2-1/2"]
[WhiteElo "2135"]
[BlackElo "2225"]
[PlyCount "32"]
[EventDate "2005.11.20"]
[EventType "team"]
[EventRounds "11"]
[EventCountry "ENG"]
[SourceDate "2005.10.25"]

1. e4 e5 2. Nf3 Nc6 3. Bb5 f5 4. Bxc6 dxc6 5. Nxe5 Qd4 6. Nf3 Qxe4+ 7. Qe2 {=}
Qxe2+ 8. Kxe2 Bd6 9. Re1 Ne7 10. d4 O-O 11. Nbd2 f4 12. Nc4 Bg4 13. Nxd6 cxd6
14. Kf1 Ng6 15. Ng5 Rae8 16. Bd2 Bf5 1/2-1/2

[Event "4NCL/Div3/SLOS3 vs. KHE"]
[Site "Birmingham ENG"]
[Date "2005.11.20"]
[Round "4.6"]
[White "Guthrie, David"]
[Black "Duggan, Michael"]
[Result "1/2-1/2"]
[WhiteElo "2184"]
[BlackElo "2082"]
[PlyCount "33"]
[EventDate "2005.11.20"]
[EventType "team"]
[EventRounds "11"]
[EventCountry "ENG"]
[SourceDate "2005.10.25"]

1. d4 d5 2. c4 c6 3. Nf3 Bf5 4. cxd5 cxd5 5. Qb3 Qc7 6. Nc3 e6 7. Bf4 Qb6 8.
Qxb6 axb6 9. e3 Nc6 10. Bb5 f6 11. Kd2 Nge7 12. h3 Kd7 13. Nh4 g5 14. Nxf5 Nxf5
15. Bh2 Bd6 16. Bxd6 Nxd6 17. h4 1/2-1/2

[Event "4NCL/Div3/SLOS3 vs. KHE"]
[Site "Birmingham ENG"]
[Date "2005.11.20"]
[Round "4.7"]
[White "Purton, Ben J"]
[Black "Okike, David C"]
[Result "1-0"]
[WhiteElo "2107"]
[BlackElo "2158"]
[PlyCount "59"]
[EventDate "2005.11.20"]
[EventType "team"]
[EventRounds "11"]
[EventCountry "ENG"]
[SourceDate "2005.10.25"]

1. e4 e6 2. d4 d5 3. Nd2 Nf6 4. e5 Nfd7 5. Bd3 c5 6. c3 b6 7. Qe2 cxd4 8. cxd4
Nc6 9. Ngf3 Nb4 10. O-O Nxd3 11. Qxd3 a5 12. Re1 Ba6 13. Qe3 Be7 14. Nf1 {=}
Bxf1 15. Kxf1 O-O 16. Bd2 b5 17. Rec1 Nb6 18. b3 Qd7 19. Qd3 h6 20. h4 a4 21.
Ke2 Rfb8 22. Rh1 Bf8 23. g4 axb3 24. Ng5 hxg5 25. hxg5 g6 26. Qh3 Bg7 27. Qh7+
Kf8 28. Bb4+ Qe7 29. Bxe7+ Kxe7 30. Qxg7 1-0

[Event "4NCL/Div3/SLOS3 vs. KHE"]
[Site "Birmingham ENG"]
[Date "2005.11.20"]
[Round "4.8"]
[White "Hale, Katie L W"]
[Black "Varnam, Liam D"]
[Result "0-1"]
[WhiteElo "1805"]
[BlackElo "2066"]
[PlyCount "76"]
[EventDate "2005.11.20"]
[EventType "team"]
[EventRounds "11"]
[EventCountry "ENG"]
[SourceDate "2005.10.25"]

1. e4 e5 2. Nf3 Nc6 3. d4 exd4 4. Nxd4 Nf6 5. Nc3 Bb4 6. Nxc6 bxc6 7. Bd3 d5 8.
exd5 cxd5 9. O-O O-O 10. Qf3 c6 11. Bg5 Be7 12. Ne2 h6 13. Bh4 Qb6 14. b3 Bg4
15. Qf4 Bxe2 16. Bxe2 Qb4 17. Bg3 Ne4 18. Bd3 f5 19. Qc7 Rac8 20. Qxa7 f4 21.
a3 Qc5 22. Qxc5 Nxc5 23. Rae1 Bd6 24. Bg6 fxg3 25. hxg3 Rf6 26. Bh5 Ne4 27. Bg4
Rcf8 28. Bf3 Nd2 29. a4 Nxf1 30. Kxf1 Kf7 31. Re3 Re6 32. Rd3 Rfe8 33. Kg1 Re1+
34. Kh2 Rc1 35. c4 Ree1 36. Kh3 Kg6 37. cxd5 Rh1+ 38. Kg4 h5# 0-1

[Event "4NCL/Div3/MIN vs. HKF2"]
[Site "Birmingham ENG"]
[Date "2005.11.20"]
[Round "4.1"]
[White "Radovanovic, Jovica"]
[Black "Broomfield, Matthew"]
[Result "0-1"]
[WhiteElo "2339"]
[BlackElo "2288"]
[PlyCount "112"]
[EventDate "2005.11.20"]
[EventType "team"]
[EventRounds "11"]
[EventCountry "ENG"]
[SourceDate "2005.10.25"]

1. d4 Nf6 2. c4 e6 3. Nc3 Bb4 4. e3 O-O 5. a3 Bxc3+ 6. bxc3 b6 7. Bd3 Bb7 8. f3
d5 9. Ne2 c5 10. cxd5 exd5 11. O-O Nc6 12. Ng3 Re8 13. Ra2 Rc8 14. Kh1 Rc7 15.
Re2 cxd4 16. cxd4 g6 17. Bb2 h5 {=} 18. Kg1 Na5 19. Nh1 Nc4 20. Bc1 Qd6 21. Qb3
Ba6 22. Qb4 Qxb4 23. axb4 Bb5 24. Rc2 Rec8 25. Rff2 Nxe3 26. Rxc7 Rxc7 27. Bxe3
Bxd3 28. Ra2 a6 29. Nf2 Bb5 30. Rb2 Rc4 31. Nd1 Ba4 32. Rb1 Bxd1 33. Rxd1 Rxb4
34. Bg5 Nd7 35. Rc1 f6 36. Bf4 Nf8 37. Bd6 Rc4 38. Re1 Rc6 39. Ba3 Ne6 40. Rb1
Kf7 41. Rd1 Rc4 42. Bb2 Rc2 43. Ba1 b5 44. Rb1 Rd2 45. Rc1 Nxd4 46. Rc7+ Ke6
47. Bxd4 Rxd4 48. Rc6+ Ke5 49. Rxa6 g5 50. Rb6 Rd1+ 51. Kf2 Rd2+ 52. Kf1 Rb2
53. Rb8 b4 54. h4 b3 55. Rb4 gxh4 56. Rxh4 Rc2 0-1

[Event "4NCL/Div3/MIN vs. HKF2"]
[Site "Birmingham ENG"]
[Date "2005.11.20"]
[Round "4.2"]
[White "Cooper, Lawrence"]
[Black "McFarland, Robert S"]
[Result "1/2-1/2"]
[WhiteElo "2303"]
[BlackElo "2257"]
[PlyCount "28"]
[EventDate "2005.11.20"]
[EventType "team"]
[EventRounds "11"]
[EventCountry "ENG"]
[SourceDate "2005.10.25"]

1. e4 g6 2. d4 Bg7 3. Nc3 d6 4. Be3 a6 5. Qd2 Nd7 6. Nf3 b5 7. Bd3 Bb7 8. a4 b4
9. Ne2 c5 10. Ng3 Qa5 11. O-O h5 12. h3 Rd8 13. Ne2 Qc7 14. b3 e5 1/2-1/2